| 000 | 00845nam a22002537a 4500 | ||
|---|---|---|---|
| 005 | 20170123162353.0 | ||
| 010 | _aB-080857 | ||
| 020 |
_c150.00 _a8188378143 |
||
| 035 | _aB-080857 | ||
| 037 | _bCen Lib/Ret | ||
| 040 |
_aDPL _bUR |
||
| 082 |
_a920 _bس ل ے |
||
| 100 |
_aجاوید، سلیمان اطہر _9115945 |
||
| 245 |
_a: بزم چراغاں _cسلیمان اطہر جاوید _b/ مرقّعے |
||
| 246 |
_aBazm-e- charag̲han: muraqqaʻe / _bby Suleman Athar Javed |
||
| 260 |
_aنی دہلی _bمکتبہ جدید _c2003 |
||
| 270 |
_bنی دہلی _aدریا گنج _e110002 |
||
| 300 |
_a144p. _c21cm(Hb) |
||
| 650 |
_aاردو ادب _9137545 |
||
| 650 |
_a سوانح حیات _9509 |
||
| 650 |
_aUrdu Lirerature _9137546 |
||
| 650 |
_aBiography _97490 |
||
| 942 |
_2ddc _cUR _h920 _mس ل ے |
||
| 999 |
_c109371 _d109371 |
||